000 01095nam a22002777a 4500
001 BD-DhSAU 8715
003 BD-DhSAU
005 20181217141539.0
008 150613b2013 bg a||||r|||| 000 0 eng d
040 _aBD-DhSAU
082 _222
_a595.7
_bT149
100 _aSajib Talukder
_eRegistration No. # 11-04728
245 _aAssessment of different neem products for the management of rice weevil (sitophilus oryzae L.) in stored rice grain /
_bMS thesis
_cby Sajib Talukder
260 _aSher-e- Bangla Agricultural University :
_bDepartment of Entomology,
_c2013.
300 _avii, 70 p. :
_bill. ;
_c30 cm.
500 _aMS thesis of Department of Entomology, Faculty of Agriculture, Sher-e-Bangla Agricultural University, Dhaka, Bangladesh
590 _ajoy
650 _aEntomology.
650 _aNeem products.
650 _aRice weevil
650 _aSitophilus oryzae L.
700 _aAkter, Ayesha
_eSupervisor
700 _aAkter, Tahmina
_eCo-Supervisor
856 _uhttp://archive.saulibrary.edu.bd:8080/xmlui/handle/123456789/1667
942 _2ddc
_cTHESIS
999 _c8715
_d8715